Water-resources engineering / (Record no. 166066)

MARC details
000 -LEADER
fixed length control field 00636nam a22001937a 4500
005 - DATE AND TIME OF LATEST TRANSACTION
control field 20190711173910.0
010 ## - LCCN (DPL NO)
LC control number ENG-125882
020 ## - INTERNATIONAL STANDARD BOOK NUMBER
International Standard Book Number 9789353433819
Terms of availability 799.00
035 ## - SYSTEM CONTROL NUMBER
System control number EN-109414
037 ## - SOURCE OF ACQUISITION
Source of stock number/acquisition DBAD/PUB
082 ## - DEWEY DECIMAL CLASSIFICATION NUMBER
Classification number 627
100 ## - MAIN ENTRY--PERSONAL NAME
Personal name Chin, David A.
245 ## - TITLE STATEMENT
Title Water-resources engineering /
Statement of responsibility, etc by David A. Chin
260 ## - PUBLICATION, DISTRIBUTION, ETC. (IMPRINT)
Place of publication, distribution, etc Noida
Name of publisher, distributor, etc Pearson India Education
Date of publication, distribution, etc 2019
270 ## - ADDRESS
Address 15th Floor, Tower-B World Trade Tower, Plot No. 1 Block- C, Sector-16
City Noida, Uttar Pradesh
Postal code 201301
300 ## - PHYSICAL DESCRIPTION
Extent 968p.
Dimensions 25cm(pbk)
500 ## - GENERAL NOTE
General note Includes bibliographical references and index
942 ## - ADDED ENTRY ELEMENTS (KOHA)
Source of classification or shelving scheme Dewey Decimal Classification
Item type English Books
Classification part 627
Call number suffix CHI
Holdings
Withdrawn status Lost status Not for loan Collection code Home library Current library Date acquired Source of acquisition Cost, normal purchase price Full call number Barcode Copy number Cost, replacement price Koha item type
      Non-fiction Ashok Vihar Ashok Vihar 11/07/2019 DBAD/PUB 799.00 627 CHI EN-109414 1 799.00 English Books

© Delhi Public Library
Hit Counter
free hit counter